| 000 | 00546nam a2200229Ia 4500 | ||
|---|---|---|---|
| 003 | OSt | ||
| 005 | 20221007082206.0 | ||
| 006 | a|||||r|||| 00| 0 | ||
| 007 | ta | ||
| 008 | 221006b |||||||| |||| 00| 0 eng d | ||
| 024 | _a22,103 | ||
| 037 | _cTextual | ||
| 040 |
_aFLL _cFLL _beng |
||
| 041 |
_2eng _aeng |
||
| 082 | _aZ2:AqN4, H2.2 | ||
| 245 | 0 | _aLegislation & orders relating to the war | |
| 250 | _a3rd | ||
| 260 | _c1994 | ||
| 300 |
_a510p _ccm. |
||
| 942 |
_hZ2:AqN4, H2.2 _cTEXL _2CC |
||
| 999 |
_c1165611 _d1165611 |
||